| 000 | 00733nam a2200169 a 4500 | ||
|---|---|---|---|
| 001 | 000031381 | ||
| 005 | 20200930062906.0 | ||
| 008 | 110620s1943 dr 000 | eng d | ||
| 040 |
_aDO-SdBNP _bspa _cBNPHU |
||
| 082 |
_axxx _bP349s |
||
| 100 | 1 |
_aPeña Batlle, Manuel Arturo, _d1902-1952 _98406 |
|
| 245 | 1 | 3 |
_aThe significance of a policy / _cManuel A. Peña Batlle. |
| 260 |
_aCiudad Trujillo, República Dominicana : _bLa Nación, _c1943. |
||
| 300 |
_a16 p. ; _c21 cm. |
||
| 500 | _aSpeech delivered at Villa Elías Piña on the 16th November, 1942. At the meeting held at that point as a testimonial of gratitude to Generalissimo Trujillo for the official plans for the Dominicanization of the frontier regions. | ||
| 049 | _aBNPD | ||
| 999 |
_c30873 _d30873 |
||